| 000 | 01187nam a2200289 a 4500 | ||
|---|---|---|---|
| 001 | 000026164 | ||
| 003 | DO-SdBNP | ||
| 005 | 20250120101040.0 | ||
| 007 | ta | ||
| 008 | 090825s2001 dr 001 0dspa d | ||
| 020 | _a9993402389 | ||
| 040 |
_aDO-SdBNP _bspa _cBNPHU |
||
| 082 | 4 |
_a972.93054 _bE77a _222 |
|
| 100 | 1 |
_aEspaillat, Teresa, _d1943- _916869 |
|
| 245 | 1 | 0 |
_aAbril en mis recuerdos : _btestimonio de una combatiente / _cTeresa Espaillat ; prólogo Cristina Díaz. |
| 260 |
_aSanto Domingo : _bCocolo, _c2001. |
||
| 300 |
_a165 p. ; _c22 cm. |
||
| 500 | _aIncluye datos biográficos del autor en las solapas e índice onomástico. | ||
| 500 | _aLa biblioteca posee la tercera reimpresión del 2015 | ||
| 590 | _aInventariado, 2019/MFF | ||
| 650 | 4 |
_aRepública Dominicana _xHistoria _xRevolución, _y1965 _vRelatos personales _953162 |
|
| 650 | 4 |
_aMujeres en la política _zRepública Dominicana _ySiglo XX _vRelatos personales _953163 |
|
| 651 | 0 |
_aREPÚBLICA DOMINICANA _xHISTORIA _yOCUPACIÓN NORTEAMERICANA, 1985-1966 _xCORRESPONDENCIA, MEMORIAS, ETC _916871 |
|
| 700 | 1 |
_aDíaz, Cristina, _epról. _916872 |
|
| 910 | _aValidado. Control de calidad EMS | ||
| 942 |
_2ddc _cLBS1 |
||
| 999 |
_c25656 _d25656 |
||